000 01012nam a2200277 a 4500
001 000041057
003 DO-SdBNP
005 20240529132238.0
007 ta
008 130916s2012 dr 000 0 spa d
020 _a9789945475364
040 _aDO-SdBNP
_bspa
_cBNPHU
082 4 _aRD861.44
_bS211b
_222
100 1 _aSánchez, Enrriquillo,
_967546
_d1947-2004
245 1 0 _aBojear :
_bpoesía reunida /
_cEnriquillo Sánchez; edición y compilación, Manuel García Cartagena.
260 _aSanto Domingo :
_bFERILIBRO,
_c2012.
300 _a654 p. ;
_c23 cm.
500 _aIncluye datos biográficos del autor en la solapa de la cubierta
590 _aInventariado, 2020/ YL
650 0 _aPoesía dominicana
_vColecciones
_978060
650 4 _aLiteratura dominicana
_vColecciones
_97123
700 1 _aGarcía Cartagena, Manuel
_912067
710 1 _aRepública Dominicana.
_b Dirección General de la Feria del Libro.
_982480
910 _aYLockward/Validado. Control de calidad MFF
942 _2ddc
_cLBS1
999 _c40547
_d40547